《三体》中的恒星级战舰 - Statistics

General Stats
  • This quiz has been taken 35 times
  • The average score is 7 of 42
Answer Stats
名称 % Correct
自然选择
94%
青铜时代
81%
蓝色空间
74%
万有引力
65%
企业
39%
量子
35%
牛顿
29%
终极规律
29%
爱因斯坦
26%
19%
绿
16%
无限边疆
13%
10%
南极洲
10%
深空
10%
恒河
6%
极限
6%
纳尔逊
6%
前进
6%
雾角
6%
喜马拉雅
6%
白垩纪
3%
暴风雨
3%
北方
3%
创世纪
3%
大西洋
3%
方舟
3%
感恩节
3%
哥伦比亚
3%
雷神
3%
马萨达
3%
明治
3%
启蒙
3%
天狼
3%
万年昆鹏
3%
信使
3%
亚当
3%
炎帝
3%
远方
3%
正义
3%
质子
3%
0%
No matching quizzes found
Score Distribution
Percent of People with Each Score
Percentile by Number Answered
Your Score History
You have not taken this quiz